000 00690nam a2200229 i 4500
001 178134
003 ES-MaACL
005 20230906220502.0
007 t|
008 110519s1965 sp r ||||1| spa d
080 _a2-558.3
100 1 _aAlejandro de Villalmonte
_c(O.F.M. Cap.)
_9146594
245 1 0 _aTeología del bautismo /
_cAlejandro de Villalmonte.
260 _aBarcelona :
_bHerder,
_c1965.
300 _a120 p. ;
_c18 cm.
490 1 _aPequeña biblioteca Herder ;
_v63
504 _aBibliografía: p. 119-120.
650 0 4 _aBautismo.
_9135676
830 0 _aPequeña biblioteca Herder ;
_v63
_9190720
852 _aES-MaACL
_jE-15158
_xOlim P-274
999 _c178134
_d178134